Proyecto de Estatutos de la Sociedad de Escritores, Profesores y Amantes de las Ciencias, Letras y Bellas Artes (Record no. 190111)

MARC details
000 -LEADER
campo de control de longitud fija 00725nam a2200157 i 4500
001 - NÚMERO DE CONTROL
campo de control 190111
003 - IDENTIFICADOR DE NÚMERO DE CONTROL
campo de control ES-MaACL
005 - FECHA Y HORA DE LA ÚLTIMA TRANSACCIÓN
campo de control 20230906223638.0
008 - DATOS DE LONGITUD FIJA--INFORMACIÓN GENERAL
campo de control de longitud fija 200729s1868 sp |||| | spa d
110 2# - ENTRADA PRINCIPAL--NOMBRE DE ENTIDAD CORPORATIVA
Nombre de entidad corporativa o nombre de jurisdicción como elemento de entrada Sociedad de Escritores, Profesores y Amantes de las Ciencias, Letras y Bellas Artes (Madrid)
9 (RLIN) 170218
245 10 - MENCIÓN DEL TÍTULO
Título Proyecto de Estatutos de la Sociedad de Escritores, Profesores y Amantes de las Ciencias, Letras y Bellas Artes
Resto del título : 9 de febrero de 1868.
260 ## - PUBLICACIÓN, DISTRIBUCIÓN, ETC.
Lugar de publicación, distribución, etc. Madrid :
Nombre del editor, distribuidor, etc. [s.n.],
Fecha de publicación, distribución, etc. 1868 (
Fabricante Imp. de "La Correspondencia de España")
300 ## - DESCRIPCIÓN FÍSICA
Extensión IX, 12 p. ;
Dimensiones 19 cm.
610 24 - PUNTO DE ACCESO ADICIONAL DE MATERIA--NOMBRE DE ENTIDAD CORPORATIVA
Nombre de entidad corporativa o nombre de jurisdicción como elemento de entrada Sociedad de Escritores, Profesores y Amantes de las Ciencias, Letras y Bellas Artes (Madrid)
9 (RLIN) 170218
852 4# - LOCALIZACIÓN
Ubicación ES-MaACL
Número de control de estantería T-91-F-3
Holdings
Estatus retirado Estado de pérdida Estado de daño No para préstamo Colección Biblioteca de origen Biblioteca actual Ubicación en estantería Fecha de adquisición Fuente de adquisición Total de préstamos Signatura topográfica completa Código de barras Visto por última vez Precio de reemplazo Tipo de ítem Koha
        Colección de folletos Biblioteca del Ateneo de Madrid Biblioteca del Ateneo de Madrid Depósito folletos 02/04/2005     T-91-F-3 1201801 23/02/2023 23/02/2023 Folleto